000 00736pam a2200229 a 4500
001 1998567
005 20180308071535.0
008 900517s1991 ohua b 001 0 eng
010 _a 90039499
020 _a0538810823
040 _aDLC
_cDLC
_dDLC
041 _aeng
080 _a658.302 HIL
082 0 0 _a658.302 HIL
_220
100 1 _a54
101 _aMEN
245 1 0 _aSupervision :
_cRaymond L. Hilgert, Theo Haimann.
504 _aIncludes bibliographical references and index.
906 _a7
_bcbc
_corignew
_d1
_eocip
_f19
_gy-gencatlg
942 _2ddc
_cBK
999 _c44467
_d44467